Normal view
MARC view
- Oliveira Malvar, Chis
Entry Nombre Personal
001 - NUMERO DE CONTROL
- campo de control: 48060
003 - IDENTIFICADOR DE NUMERO DE CONTROL
- campo de control: UPN
005 - FECHA Y HORA DE LA ÜLTIMA TRANSACCIÓN
- campo de control: 20230303180910.0
008 - DATOS DE LONGITUD FIJA
- campo de control de longitud fija: 230303|||az|nnaaan a aaa d
040 ## - FUENTE DE CATALOGACIÓN
- Agencia original de catalogación: MX-MxUPN
- Lenguaje de catalogación: spa
100 1# - ENCABEZAMIENTO - NOMBRE PERSONAL
- Nombre personal: Oliveira Malvar, Chis
400 1# - VEÁSE - NOMBRE DE PERSONA
- Personal name: Malvar, Chis Oliveira
670 ## - FUENTE EN LA QUE SE LOCALIZARON DATOS
- Cita de la fuente: Amarte, 2019:
- Información localizada: portada (Chis Oliveira) contraportada (Chis Oliveira Malvar)
902 ## - CATALOGADOR
- Catalogador: VíctorGodínez/030323
